[Event "DVM U12 2024"]
[Site "Heidelberg GER"]
[Date "2024.12.27"]
[Round "1"]
[White "Vu, Hoang Bach"]
[Black "Kraus, Linus"]
[Result "0-1"]
[Termination "normal"]
[Board "2.1"]
[WhiteElo "1779"]
[BlackElo "1803"]
[WhiteClock "00:18:12"]
[BlackClock "00:15:26"]
[WhiteTeam "SC Borussia Lichtenberg"]
[BlackTeam "SK Turm Schiefbahn 1931"]
[PlyCount "122"]
[WhiteFideId "12436992"]
[BlackFideId "34629629"]
[EventCountry "GER"]
[EventRounds "7"]
[EventType "team-swiss"]
[EventDate "2024.12.26"]

1. Nf3 {[%clk 01:30:55]} {[%emt 00:00:05]} d5 {[%clk 01:30:41]} {[%emt
00:00:19]} 2. g3 {[%clk 01:31:15]} {[%emt 00:00:10]} Nf6 {[%clk 01:30:51]}
{[%emt 00:00:20]} 3. Bg2 {[%clk 01:31:32]} {[%emt 00:00:13]} e6 {[%clk
01:31:06]} {[%emt 00:00:15]} 4. O-O {[%clk 01:31:50]} {[%emt 00:00:13]} Be7
{[%clk 01:31:03]} {[%emt 00:00:32]} 5. b3 {[%clk 01:31:34]} {[%emt 00:00:46]}
O-O {[%clk 01:29:15]} {[%emt 00:02:18]} 6. c4 {[%clk 01:30:05]} {[%emt
00:01:59]} c6 {[%clk 01:26:53]} {[%emt 00:02:52]} 7. d3 {[%clk 01:29:36]}
{[%emt 00:00:58]} Nbd7 {[%clk 01:20:57]} {[%emt 00:06:26]} 8. Qc2 {[%clk
01:28:22]} {[%emt 00:01:44]} b5 {[%clk 01:12:35]} {[%emt 00:08:53]} 9. cxb5
{[%clk 01:26:41]} {[%emt 00:02:11]} cxb5 {[%clk 01:12:53]} {[%emt 00:00:12]}
10. Nd4 {[%clk 01:22:14]} {[%emt 00:04:57]} Bb7 {[%clk 01:07:54]} {[%emt
00:05:29]} 11. Nc6 {[%clk 01:17:00]} {[%emt 00:05:44]} Bxc6 {[%clk 01:07:57]}
{[%emt 00:00:28]} 12. Qxc6 {[%clk 01:17:28]} {[%emt 00:00:02]} a6 {[%clk
01:03:10]} {[%emt 00:05:17]} 13. Qc3 {[%clk 01:06:31]} {[%emt 00:11:27]} Rc8
{[%clk 01:03:20]} {[%emt 00:00:20]} 14. Qd2 {[%clk 01:03:42]} {[%emt 00:03:15]}
a5 {[%clk 00:56:41]} {[%emt 00:07:12]} 15. Bb2 {[%clk 01:03:27]} {[%emt
00:00:44]} Bb4 {[%clk 00:56:21]} {[%emt 00:00:50]} 16. Qe3 {[%clk 01:03:14]}
{[%emt 00:00:32]} Rc2 {[%clk 00:56:10]} {[%emt 00:00:52]} 17. Ba3 {[%clk
00:57:53]} {[%emt 00:05:52]} Qe7 {[%clk 00:55:51]} {[%emt 00:00:49]} 18. Bxb4
{[%clk 00:56:23]} {[%emt 00:02:00]} Qxb4 {[%clk 00:54:15]} {[%emt 00:02:05]}
19. a4 {[%clk 00:56:19]} {[%emt 00:00:34]} bxa4 {[%clk 00:46:41]} {[%emt
00:08:04]} 20. Rxa4 {[%clk 00:40:09]} {[%emt 00:16:39]} Qxb3 {[%emt 00:01:04]}
21. Rxa5 {[%clk 00:39:52]} Rb2 {[%clk 00:46:23]} {[%emt 00:01:01]} 22. Ra1
{[%clk 00:39:33]} {[%emt 00:00:49]} Qc2 {[%clk 00:41:29]} {[%emt 00:05:24]} 23.
Bf3 {[%clk 00:39:22]} {[%emt 00:00:42]} Rfb8 {[%clk 00:40:36]} {[%emt
00:01:24]} 24. Qc1 {[%clk 00:37:32]} {[%emt 00:02:18]} Ne5 {[%clk 00:37:45]}
{[%emt 00:03:21]} 25. Qxc2 {[%clk 00:37:37]} {[%emt 00:00:26]} Nxf3+ {[%clk
00:37:15]} {[%emt 00:00:59]} 26. exf3 {[%clk 00:38:03]} {[%emt 00:00:04]} Rxc2
{[%emt 00:03:57]} 27. Ra3 {[%clk 00:34:54]} Rcb2 {[%clk 00:35:51]} {[%emt
00:02:05]} 28. Nc3 {[%clk 00:33:53]} {[%emt 00:01:32]} g6 {[%clk 00:34:07]}
{[%emt 00:02:13]} 29. Rd1 {[%clk 00:29:45]} {[%emt 00:04:34]} R2b3 {[%clk
00:33:16]} {[%emt 00:01:25]} 30. Rxb3 {[%clk 00:27:17]} {[%emt 00:02:59]} Rxb3
{[%clk 00:33:31]} {[%emt 00:00:15]} 31. Ne2 {[%clk 00:27:30]} {[%emt 00:00:17]}
Kf8 {[%clk 00:33:40]} {[%emt 00:00:21]} 32. f4 {[%clk 00:27:34]} {[%emt
00:00:26]} Rb2 {[%clk 00:33:03]} {[%emt 00:01:07]} 33. Nc1 {[%clk 00:26:30]}
{[%emt 00:01:33]} Ng4 {[%clk 00:32:00]} {[%emt 00:01:32]} 34. Rf1 {[%clk
00:26:58]} {[%emt 00:00:03]} Rc2 {[%clk 00:31:57]} {[%emt 00:00:33]} 35. Nb3
{[%clk 00:26:37]} {[%emt 00:00:50]} Rb2 {[%clk 00:31:06]} {[%emt 00:01:21]} 36.
Nc1 {[%clk 00:26:35]} {[%emt 00:00:33]} Ke7 {[%clk 00:30:50]} {[%emt 00:00:45]}
37. h3 {[%clk 00:26:56]} {[%emt 00:00:10]} Nh6 {[%clk 00:30:46]} {[%emt
00:00:34]} 38. Kg2 {[%clk 00:26:42]} {[%emt 00:00:45]} Nf5 {[%clk 00:31:03]}
{[%emt 00:00:12]} 39. Kf3 {[%clk 00:27:02]} {[%emt 00:00:07]} Kd6 {[%clk
00:30:37]} {[%emt 00:00:59]} 40. g4 {[%clk 00:25:24]} {[%emt 00:02:08]} Nd4+
{[%clk 00:29:37]} {[%emt 00:01:29]} 41. Ke3 {[%clk 00:25:51]} {[%emt 00:00:04]}
Kc5 {[%clk 00:28:45]} {[%emt 00:01:23]} 42. Rd1 {[%clk 00:24:56]} {[%emt
00:01:19]} Rc2 {[%clk 00:28:33]} {[%emt 00:00:48]} 43. Re1 {[%clk 00:24:57]}
{[%emt 00:00:22]} h6 {[%clk 00:26:33]} {[%emt 00:02:37]} 44. Rg1 {[%clk
00:17:25]} {[%emt 00:08:00]} Rb2 {[%clk 00:23:41]} {[%emt 00:03:24]} 45. Rd1
{[%clk 00:17:04]} {[%emt 00:00:51]} f6 {[%clk 00:19:58]} {[%emt 00:04:12]} 46.
Rd2 {[%clk 00:15:18]} {[%emt 00:02:17]} Rb1 {[%clk 00:17:32]} {[%emt 00:02:56]}
47. Ne2 {[%clk 00:14:54]} {[%emt 00:00:54]} Re1 {[%clk 00:16:57]} {[%emt
00:01:04]} 48. h4 {[%clk 00:14:00]} {[%emt 00:01:23]} Rxe2+ {[%clk 00:16:00]}
{[%emt 00:01:27]} 49. Rxe2 {[%clk 00:14:21]} {[%emt 00:00:09]} Nxe2 {[%clk
00:16:21]} {[%emt 00:00:09]} 50. Kxe2 {[%clk 00:14:49]} {[%emt 00:00:02]} Kd4
{[%clk 00:16:35]} {[%emt 00:00:16]} 51. Kd2 {[%clk 00:14:51]} {[%emt 00:00:28]}
e5 {[%clk 00:16:46]} {[%emt 00:00:19]} 52. g5 {[%clk 00:15:04]} {[%emt
00:00:18]} fxg5 {[%clk 00:13:57]} {[%emt 00:03:18]} 53. fxg5 {[%clk 00:15:24]}
{[%emt 00:00:09]} h5 {[%clk 00:14:03]} {[%emt 00:00:23]} 54. f3 {[%clk
00:15:38]} {[%emt 00:00:17]} e4 {[%clk 00:14:19]} {[%emt 00:00:15]} 55. dxe4
{[%clk 00:16:04]} {[%emt 00:00:04]} dxe4 {[%clk 00:14:34]} {[%emt 00:00:14]}
56. f4 {[%clk 00:16:05]} {[%emt 00:00:29]} e3+ {[%clk 00:14:40]} {[%emt
00:00:24]} 57. Ke2 {[%clk 00:16:33]} {[%emt 00:00:03]} Ke4 {[%clk 00:14:54]}
{[%emt 00:00:16]} 58. f5 {[%clk 00:17:00]} {[%emt 00:00:03]} Kxf5 {[%clk
00:15:11]} {[%emt 00:00:12]} 59. Kxe3 {[%clk 00:17:26]} {[%emt 00:00:04]} Kg4
{[%clk 00:15:22]} {[%emt 00:00:20]} 60. Ke4 {[%clk 00:17:45]} {[%emt 00:00:11]}
Kxh4 {[%clk 00:15:41]} {[%emt 00:00:10]} 61. Kf4 {[%clk 00:18:12]} {[%emt
00:00:03]} Kh3 {[%clk 00:15:26]} {[%emt 00:01:12]} 0-1

[Event "DVM U12 2024"]
[Site "Heidelberg GER"]
[Date "2024.12.27"]
[Round "1"]
[White "Wingerath, Felix"]
[Black "Berndt, Ronson"]
[Result "1/2-1/2"]
[Termination "normal"]
[Board "2.2"]
[WhiteElo "1753"]
[BlackElo "1813"]
[WhiteClock "00:33:42"]
[BlackClock "00:02:44"]
[WhiteTeam "SK Turm Schiefbahn 1931"]
[BlackTeam "SC Borussia Lichtenberg"]
[PlyCount "73"]
[WhiteFideId "34614834"]
[BlackFideId "34618694"]
[EventCountry "GER"]
[EventRounds "7"]
[EventType "team-swiss"]
[EventDate "2024.12.26"]

1. e4 {[%clk 01:30:57]} {[%emt 00:00:02]} c5 {[%clk 01:30:45]} {[%emt
00:00:14]} 2. Nf3 {[%clk 01:31:20]} {[%emt 00:00:08]} e6 {[%clk 01:31:10]}
{[%emt 00:00:05]} 3. g3 {[%clk 01:31:39]} {[%emt 00:00:12]} Nc6 {[%clk
01:30:25]} {[%emt 00:01:14]} 4. Bg2 {[%clk 01:32:00]} {[%emt 00:00:09]} Nf6
{[%clk 01:30:01]} {[%emt 00:00:54]} 5. e5 {[%clk 01:32:01]} {[%emt 00:00:30]}
Ng4 {[%clk 01:29:15]} {[%emt 00:01:16]} 6. Qe2 {[%clk 01:25:36]} {[%emt
00:06:55]} Qc7 {[%clk 01:27:50]} {[%emt 00:01:55]} 7. d4 {[%clk 01:17:14]}
{[%emt 00:08:51]} cxd4 {[%clk 01:25:51]} {[%emt 00:02:28]} 8. Bf4 {[%clk
01:17:06]} {[%emt 00:00:39]} d6 {[%clk 01:24:45]} {[%emt 00:01:37]} 9. exd6
{[%clk 01:13:14]} {[%emt 00:04:22]} Bxd6 {[%clk 01:24:35]} {[%emt 00:00:38]}
10. Bxd6 {[%clk 01:13:26]} {[%emt 00:00:19]} Qxd6 {[%clk 01:24:51]} {[%emt
00:00:13]} 11. O-O {[%clk 01:13:37]} {[%emt 00:00:20]} O-O {[%clk 01:07:43]}
{[%emt 00:17:35]} 12. Rd1 {[%clk 01:10:27]} {[%emt 00:03:41]} Nf6 {[%emt
00:12:50]} 13. Nc3 {[%clk 01:07:54]} {[%emt 00:02:59]} a6 {[%clk 00:50:44]}
{[%emt 00:05:12]} 14. Ne4 {[%clk 01:07:37]} {[%emt 00:00:49]} Nxe4 {[%clk
00:49:31]} {[%emt 00:01:43]} 15. Qxe4 {[%clk 01:07:57]} {[%emt 00:00:09]} Rd8
{[%clk 00:42:52]} {[%emt 00:07:08]} 16. Ng5 {[%clk 01:06:01]} {[%emt 00:02:28]}
f5 {[%clk 00:42:49]} {[%emt 00:00:33]} 17. Qe2 {[%clk 01:02:30]} {[%emt
00:04:01]} h6 {[%clk 00:38:50]} {[%emt 00:04:28]} 18. Nf3 {[%clk 01:01:13]}
{[%emt 00:01:48]} e5 {[%clk 00:37:36]} {[%emt 00:01:42]} 19. Nd2 {[%clk
01:00:07]} {[%emt 00:01:36]} Be6 {[%clk 00:30:00]} {[%emt 00:08:07]} 20. Nc4
{[%clk 00:56:18]} {[%emt 00:04:20]} Qc5 {[%clk 00:29:48]} {[%emt 00:00:41]} 21.
Nxe5 {[%clk 00:53:59]} {[%emt 00:02:49]} Nxe5 {[%clk 00:21:10]} {[%emt
00:09:08]} 22. Re1 {[%clk 00:54:02]} {[%emt 00:00:29]} Bf7 {[%clk 00:20:38]}
{[%emt 00:01:01]} 23. Qxe5 {[%clk 00:53:52]} {[%emt 00:00:40]} Qxc2 {[%clk
00:20:53]} {[%emt 00:00:15]} 24. Re2 {[%clk 00:50:00]} {[%emt 00:04:22]} Qc8
{[%clk 00:19:03]} {[%emt 00:02:19]} 25. Rd2 {[%clk 00:49:10]} {[%emt 00:01:21]}
d3 {[%clk 00:15:59]} {[%emt 00:03:32]} 26. Qe3 {[%clk 00:48:37]} {[%emt
00:01:04]} Qd7 {[%clk 00:12:10]} {[%emt 00:04:18]} 27. Rad1 {[%clk 00:48:16]}
{[%emt 00:00:52]} Qb5 {[%clk 00:10:09]} {[%emt 00:02:31]} 28. b3 {[%clk
00:46:19]} {[%emt 00:02:28]} Rac8 {[%clk 00:09:08]} {[%emt 00:01:30]} 29. Rxd3
{[%clk 00:42:29]} {[%emt 00:04:21]} Rxd3 {[%clk 00:09:14]} {[%emt 00:00:24]}
30. Rxd3 {[%clk 00:42:28]} {[%emt 00:00:31]} Re8 {[%clk 00:08:41]} {[%emt
00:01:03]} 31. Qd2 {[%clk 00:42:02]} {[%emt 00:00:56]} b6 {[%clk 00:03:26]}
{[%emt 00:05:45]} 32. Rd8 {[%clk 00:37:41]} {[%emt 00:04:50]} Rxd8 {[%clk
00:02:52]} {[%emt 00:01:04]} 33. Qxd8+ {[%clk 00:37:35]} {[%emt 00:00:37]} Kh7
{[%clk 00:03:15]} {[%emt 00:00:06]} 34. Qd2 {[%clk 00:36:07]} {[%emt 00:01:58]}
Qe5 {[%clk 00:03:10]} {[%emt 00:00:36]} 35. h4 {[%clk 00:35:27]} {[%emt
00:01:10]} a5 {[%clk 00:03:16]} {[%emt 00:00:24]} 36. Kh2 {[%clk 00:34:42]}
{[%emt 00:01:15]} Qc5 {[%clk 00:02:44]} {[%emt 00:01:02]} 37. Bh3 {[%clk
00:33:42]} {[%emt 00:01:29]} 1/2-1/2

[Event "DVM U12 2024"]
[Site "Heidelberg GER"]
[Date "2024.12.27"]
[Round "1"]
[White "Bergmann, Rafael Antonio"]
[Black "Atar, Semih Akif"]
[Result "1/2-1/2"]
[Termination "normal"]
[Board "2.3"]
[WhiteElo "1647"]
[BlackElo "1624"]
[WhiteClock "00:51:22"]
[BlackClock "00:26:49"]
[WhiteTeam "SC Borussia Lichtenberg"]
[BlackTeam "SK Turm Schiefbahn 1931"]
[PlyCount "92"]
[WhiteFideId "34635076"]
[BlackFideId "16283376"]
[EventCountry "GER"]
[EventRounds "7"]
[EventType "team-swiss"]
[EventDate "2024.12.26"]

1. e4 {[%clk 01:30:58]} {[%emt 00:00:01]} e6 {[%clk 01:30:53]} {[%emt
00:00:07]} 2. d4 {[%clk 01:31:22]} {[%emt 00:00:07]} d5 {[%clk 01:31:18]}
{[%emt 00:00:04]} 3. Nd2 {[%clk 01:31:40]} {[%emt 00:00:13]} dxe4 {[%clk
01:30:25]} {[%emt 00:01:23]} 4. Nxe4 {[%clk 01:32:01]} {[%emt 00:00:09]} Nd7
{[%clk 01:29:45]} {[%emt 00:01:10]} 5. Bd3 {[%clk 01:32:08]} {[%emt 00:00:23]}
Ngf6 {[%clk 01:28:10]} {[%emt 00:02:05]} 6. Qe2 {[%clk 01:32:31]} {[%emt
00:00:07]} b6 {[%clk 01:25:52]} {[%emt 00:02:49]} 7. Qf3 {[%clk 01:21:32]}
{[%emt 00:11:28]} Rb8 {[%clk 01:19:43]} {[%emt 00:06:39]} 8. Bb5 {[%clk
01:08:37]} {[%emt 00:13:25]} Nxe4 {[%clk 01:08:12]} {[%emt 00:12:01]} 9. Qxe4
{[%clk 01:08:56]} {[%emt 00:00:11]} Bb7 {[%clk 01:04:50]} {[%emt 00:03:52]} 10.
Bc6 {[%clk 01:07:09]} {[%emt 00:02:18]} Bxc6 {[%clk 01:00:30]} {[%emt
00:04:49]} 11. Qxc6 {[%clk 01:07:22]} {[%emt 00:00:17]} Bd6 {[%clk 00:59:06]}
{[%emt 00:01:53]} 12. Nf3 {[%clk 01:05:33]} {[%emt 00:02:18]} O-O {[%clk
00:57:10]} {[%emt 00:02:28]} 13. Bg5 {[%clk 01:02:44]} {[%emt 00:03:18]} f6
{[%clk 00:55:25]} {[%emt 00:02:16]} 14. Bh4 {[%clk 00:59:25]} {[%emt 00:03:49]}
e5 {[%clk 00:50:37]} {[%emt 00:05:18]} 15. O-O {[%clk 00:55:41]} {[%emt
00:04:14]} exd4 {[%clk 00:49:04]} {[%emt 00:02:05]} 16. Nxd4 {[%clk 00:55:54]}
{[%emt 00:00:17]} Ne5 {[%clk 00:48:38]} {[%emt 00:00:56]} 17. Qd5+ {[%clk
00:55:57]} {[%emt 00:00:27]} Nf7 {[%clk 00:48:49]} {[%emt 00:00:18]} 18. Kh1
{[%clk 00:55:36]} {[%emt 00:00:51]} Bxh2 {[%clk 00:43:08]} {[%emt 00:06:10]}
19. Qxd8 {[%clk 00:55:55]} {[%emt 00:00:12]} Rbxd8 {[%clk 00:38:07]} {[%emt
00:05:31]} 20. Ne6 {[%clk 00:56:17]} {[%emt 00:00:08]} Rd5 {[%clk 00:36:51]}
{[%emt 00:01:46]} 21. Nxf8 {[%clk 00:56:18]} {[%emt 00:00:29]} Kxf8 {[%clk
00:37:14]} {[%emt 00:00:07]} 22. Kxh2 {[%clk 00:56:31]} {[%emt 00:00:17]} Rh5
{[%clk 00:37:40]} {[%emt 00:00:04]} 23. g3 {[%clk 00:54:21]} {[%emt 00:02:39]}
g5 {[%clk 00:36:38]} {[%emt 00:01:33]} 24. Kg2 {[%clk 00:54:29]} {[%emt
00:00:22]} gxh4 {[%clk 00:36:47]} {[%emt 00:00:20]} 25. Rh1 {[%clk 00:53:48]}
{[%emt 00:01:12]} Rc5 {[%clk 00:34:38]} {[%emt 00:02:40]} 26. Rxh4 {[%clk
00:53:30]} {[%emt 00:00:47]} Rxc2 {[%clk 00:34:52]} {[%emt 00:00:15]} 27. Rxh7
{[%clk 00:53:52]} {[%emt 00:00:08]} Rxb2 {[%clk 00:35:13]} {[%emt 00:00:10]}
28. a4 {[%clk 00:52:54]} {[%emt 00:01:29]} c5 {[%clk 00:35:33]} {[%emt
00:00:11]} 29. Rd1 {[%clk 00:53:06]} {[%emt 00:00:17]} Re2 {[%clk 00:29:36]}
{[%emt 00:06:27]} 30. Rd7 {[%clk 00:52:38]} {[%emt 00:00:58]} Re7 {[%clk
00:29:54]} {[%emt 00:00:12]} 31. Rxe7 {[%clk 00:52:36]} {[%emt 00:00:32]} Kxe7
{[%clk 00:30:11]} {[%emt 00:00:13]} 32. Kf1 {[%clk 00:52:42]} {[%emt 00:00:23]}
Ke6 {[%clk 00:30:18]} {[%emt 00:00:24]} 33. Ke2 {[%clk 00:53:05]} {[%emt
00:00:07]} a6 {[%clk 00:30:44]} {[%emt 00:00:04]} 34. Kd2 {[%clk 00:52:40]}
{[%emt 00:00:54]} b5 {[%clk 00:31:09]} {[%emt 00:00:07]} 35. Kc2 {[%clk
00:51:22]} {[%emt 00:01:48]} bxa4 {[%clk 00:31:19]} {[%emt 00:00:20]} 36. Rh4
{[%clk 00:51:29]} {[%emt 00:00:22]} Nd6 {[%clk 00:30:46]} {[%emt 00:01:03]} 37.
Rxa4 {[%clk 00:51:40]} {[%emt 00:00:19]} Ke5 {[%clk 00:29:31]} {[%emt
00:01:44]} 38. Rxa6 {[%clk 00:50:38]} {[%emt 00:01:32]} Ne4 {[%clk 00:29:01]}
{[%emt 00:01:00]} 39. f4+ {[%clk 00:50:44]} {[%emt 00:00:24]} Kf5 {[%clk
00:29:23]} {[%emt 00:00:08]} 40. Rc6 {[%clk 00:49:17]} {[%emt 00:01:56]} Nxg3
{[%clk 00:29:19]} {[%emt 00:00:34]} 41. Rxc5+ {[%clk 00:49:39]} {[%emt
00:00:08]} Kxf4 {[%clk 00:29:22]} {[%emt 00:00:26]} 42. Rc8 {[%clk 00:50:04]}
{[%emt 00:00:06]} f5 {[%clk 00:28:33]} {[%emt 00:01:19]} 43. Kd2 {[%clk
00:50:16]} {[%emt 00:00:18]} Kf3 {[%clk 00:27:53]} {[%emt 00:01:10]} 44. Ke1
{[%clk 00:50:35]} {[%emt 00:00:11]} f4 {[%clk 00:27:48]} {[%emt 00:00:35]} 45.
Rf8 {[%clk 00:50:59]} {[%emt 00:00:06]} Ke3 {[%clk 00:26:30]} {[%emt 00:01:48]}
46. Rxf4 {[%clk 00:51:22]} {[%emt 00:00:07]} Kxf4 {[%clk 00:26:49]} {[%emt
00:00:11]} 1/2-1/2

[Event "DVM U12 2024"]
[Site "Heidelberg GER"]
[Date "2024.12.27"]
[Round "1"]
[White "El Guettabi, Anas"]
[Black "Borchert, Yuri"]
[Result "0-1"]
[Termination "normal"]
[Board "2.4"]
[WhiteElo "1067"]
[BlackElo "1518"]
[WhiteClock "00:27:34"]
[BlackClock "00:36:43"]
[WhiteTeam "SK Turm Schiefbahn 1931"]
[BlackTeam "SC Borussia Lichtenberg"]
[PlyCount "104"]
[WhiteFideId "34645381"]
[BlackFideId "34626468"]
[EventCountry "GER"]
[EventRounds "7"]
[EventType "team-swiss"]
[EventDate "2024.12.26"]

1. e4 {[%clk 01:30:56]} {[%emt 00:00:03]} e5 {[%clk 01:30:53]} {[%emt
00:00:07]} 2. Nf3 {[%clk 01:31:16]} {[%emt 00:00:10]} Nf6 {[%clk 01:31:14]}
{[%emt 00:00:09]} 3. Nxe5 {[%clk 01:30:54]} {[%emt 00:00:52]} d6 {[%clk
01:30:25]} {[%emt 00:01:20]} 4. Nf3 {[%clk 01:30:13]} {[%emt 00:01:11]} Nxe4
{[%emt 00:03:30]} 5. d3 {[%clk 01:27:33]} Nf6 {[%clk 01:29:23]} {[%emt
00:01:41]} 6. Bf4 {[%clk 01:26:46]} {[%emt 00:01:17]} Be7 {[%clk 01:28:48]}
{[%emt 00:01:04]} 7. d4 {[%clk 01:25:00]} {[%emt 00:02:17]} O-O {[%clk
01:27:50]} {[%emt 00:01:28]} 8. Bd3 {[%clk 01:23:51]} {[%emt 00:01:39]} Nc6
{[%clk 01:24:13]} {[%emt 00:04:07]} 9. O-O {[%clk 01:21:28]} {[%emt 00:02:52]}
Bg4 {[%clk 01:23:16]} {[%emt 00:01:28]} 10. Be2 {[%clk 01:19:47]} {[%emt
00:02:10]} d5 {[%clk 01:16:15]} {[%emt 00:07:32]} 11. h3 {[%clk 01:15:06]}
{[%emt 00:05:11]} Bf5 {[%clk 01:07:27]} {[%emt 00:09:18]} 12. b3 {[%clk
01:07:34]} {[%emt 00:08:02]} Nb4 {[%clk 00:51:15]} {[%emt 00:16:40]} 13. c3
{[%clk 01:02:35]} {[%emt 00:05:32]} Nc2 {[%clk 00:49:21]} {[%emt 00:02:23]} 14.
Nbd2 {[%clk 00:59:57]} {[%emt 00:03:08]} Nxa1 {[%clk 00:48:52]} {[%emt
00:00:59]} 15. Qxa1 {[%emt 00:00:55]} Ne4 {[%emt 00:01:24]} 16. Qd1 {[%clk
00:55:54]} {[%emt 00:02:14]} Nxc3 {[%clk 00:46:46]} {[%emt 00:02:35]} 17. Qe1
{[%clk 00:55:45]} {[%emt 00:00:41]} Nxe2+ {[%clk 00:46:37]} {[%emt 00:00:39]}
18. Qxe2 {[%clk 00:55:52]} {[%emt 00:00:14]} c5 {[%clk 00:43:58]} {[%emt
00:03:18]} 19. Re1 {[%clk 00:55:21]} {[%emt 00:01:00]} Re8 {[%clk 00:42:32]}
{[%emt 00:01:56]} 20. Qe5 {[%clk 00:41:23]} {[%emt 00:08:53]} Qd7 {[%clk
00:43:02]} 21. g4 {[%clk 00:38:42]} {[%emt 00:08:46]} Bg6 {[%clk 00:40:56]}
{[%emt 00:02:36]} 22. Bg3 {[%clk 00:37:41]} {[%emt 00:01:30]} Bf6 {[%clk
00:39:07]} {[%emt 00:02:20]} 23. Qf4 {[%clk 00:37:39]} {[%emt 00:00:32]} Rxe1+
{[%clk 00:39:12]} {[%emt 00:00:25]} 24. Nxe1 {[%clk 00:38:00]} {[%emt
00:00:09]} Bxd4 {[%clk 00:38:14]} {[%emt 00:01:27]} 25. Nef3 {[%clk 00:34:14]}
{[%emt 00:00:47]} Bc3 {[%clk 00:38:44]} 26. Nf1 {[%clk 00:32:32]} {[%emt
00:05:42]} d4 {[%clk 00:37:53]} {[%emt 00:01:22]} 27. Ne5 {[%clk 00:29:43]}
{[%emt 00:03:18]} Qe6 {[%clk 00:37:09]} {[%emt 00:01:12]} 28. Nxg6 {[%clk
00:27:50]} {[%emt 00:02:25]} hxg6 {[%clk 00:36:21]} {[%emt 00:01:18]} 29. h4
{[%clk 00:27:17]} {[%emt 00:01:03]} d3 {[%clk 00:34:45]} {[%emt 00:02:05]} 30.
Kg2 {[%clk 00:26:59]} {[%emt 00:00:48]} Rd8 {[%clk 00:31:09]} {[%emt 00:04:05]}
31. Nd2 {[%clk 00:25:33]} {[%emt 00:01:56]} Bxd2 {[%clk 00:31:20]} {[%emt
00:00:19]} 32. Qxd2 {[%clk 00:25:54]} {[%emt 00:00:09]} Qe2 {[%clk 00:31:36]}
{[%emt 00:00:13]} 33. Qxe2 {[%clk 00:24:23]} {[%emt 00:02:02]} dxe2 {[%clk
00:31:54]} {[%emt 00:00:11]} 34. f4 {[%clk 00:24:42]} {[%emt 00:00:12]} Rd1
{[%clk 00:31:46]} {[%emt 00:00:36]} 35. h5 {[%clk 00:24:36]} {[%emt 00:00:37]}
gxh5 {[%clk 00:32:04]} {[%emt 00:00:13]} 36. gxh5 {[%clk 00:24:54]} {[%emt
00:00:13]} e1=Q {[%clk 00:32:07]} {[%emt 00:00:28]} 37. Bxe1 {[%clk 00:25:09]}
{[%emt 00:00:14]} Rxe1 {[%clk 00:32:32]} {[%emt 00:00:05]} 38. Kf2 {[%clk
00:25:24]} {[%emt 00:00:15]} Rh1 {[%clk 00:32:47]} {[%emt 00:00:15]} 39. Ke2
{[%clk 00:25:44]} {[%emt 00:00:10]} Rh3 {[%clk 00:33:07]} {[%emt 00:00:10]} 40.
Kd2 {[%clk 00:26:00]} {[%emt 00:00:14]} b5 {[%clk 00:33:30]} {[%emt 00:00:06]}
41. Kc2 {[%clk 00:26:00]} {[%emt 00:00:30]} b4 {[%clk 00:33:55]} {[%emt
00:00:06]} 42. Kb2 {[%clk 00:26:07]} {[%emt 00:00:21]} f5 {[%clk 00:34:20]}
{[%emt 00:00:07]} 43. a3 {[%clk 00:26:26]} {[%emt 00:00:12]} Kf7 {[%clk
00:34:39]} {[%emt 00:00:11]} 44. Ka2 {[%clk 00:26:01]} {[%emt 00:00:55]} Rh2+
{[%clk 00:35:02]} {[%emt 00:00:06]} 45. Ka1 {[%clk 00:26:15]} {[%emt 00:00:16]}
Ke6 {[%clk 00:35:14]} {[%emt 00:00:18]} 46. h6 {[%clk 00:26:24]} {[%emt
00:00:21]} gxh6 {[%clk 00:35:35]} {[%emt 00:00:09]} 47. axb4 {[%clk 00:26:12]}
{[%emt 00:00:42]} cxb4 {[%clk 00:35:56]} {[%emt 00:00:10]} 48. Kb1 {[%clk
00:26:35]} {[%emt 00:00:07]} Kd5 {[%clk 00:36:21]} {[%emt 00:00:05]} 49. Kc1
{[%clk 00:26:53]} {[%emt 00:00:12]} Kd4 {[%clk 00:36:47]} {[%emt 00:00:05]} 50.
Kb1 {[%clk 00:27:08]} {[%emt 00:00:14]} Kc3 {[%clk 00:37:09]} {[%emt 00:00:08]}
51. Ka1 {[%clk 00:27:17]} {[%emt 00:00:21]} Kxb3 {[%clk 00:37:00]} {[%emt
00:00:40]} 52. Kb1 {[%clk 00:27:34]} {[%emt 00:00:12]} Rh1# {[%clk 00:36:43]}
{[%emt 00:00:16]} 0-1